Normal view MARC view
  • Bell, Judith

Entry Personal Name

Number of records used in: 1

001 - CONTROL NUMBER

  • control field: 89002

003 - CONTROL NUMBER IDENTIFIER

  • control field: NUST

005 - DATE AND TIME OF LATEST TRANSACTION

  • control field: 20220211160539.0

008 - FIXED-LENGTH DATA ELEMENTS

  • fixed length control field: 220211|| aca||aabn | a|a d

040 ## - CATALOGING SOURCE

  • Original cataloging agency: NUST
  • Transcribing agency: NUST

100 ## - HEADING--PERSONAL NAME

  • Personal name: Bell, Judith

670 ## - SOURCE DATA FOUND

  • Source citation: Work cat.: (NUST)343819: Bell, Judith., Doing your research project 4/e /, 2005.
© 2023 Central Library, National University of Sciences and Technology. All Rights Reserved.